Normal view
MARC view
- Fryer, A.W.D .
Entry Personal Name
001 - CONTROL NUMBER
- control field: 1569
003 - CONTROL NUMBER IDENTIFIER
- control field: OSt
005 - DATE AND TIME OF LATEST TRANSACTION
- control field: 20160927154134.0
008 - FIXED-LENGTH DATA ELEMENTS
- fixed length control field: 160927|| aca||aabn | a|a d
040 ## - CATALOGING SOURCE
- Original cataloging agency: OSt
- Transcribing agency: OSt
100 ## - HEADING--PERSONAL NAME
- Personal name: Fryer, A.W.D .
670 ## - SOURCE DATA FOUND
- Source citation: Work cat.: (OSt)7026: Fryer, A.W.D ., Spon`s Practical Builder`s Handbook / , 1954.
